|
|
|
|
| LEADER |
00846nnm a2200241 i 4500 |
| 001 |
eta147 |
| 005 |
20181010141326.0 |
| 008 |
180515s2006 hu o 0|| hun d |
| 020 |
|
|
|a 963-9704-63-6; 963-9724-03-3
|
| 040 |
|
|
|a SZTE Elektronikus Tananyag Archívum
|b hun
|
| 041 |
|
|
|a hun
|
| 100 |
1 |
|
|a Bábosik István
|
| 245 |
1 |
0 |
|a Történelem, társadalom, nevelés
|h [elektronikus dokumentum] /
|c Bábosik István
|
| 260 |
|
|
|a Bölcsész Konzorcium
|b Budapest
|c 2006
|
| 300 |
|
|
|a 43
|
| 516 |
|
|
|a Book
|
| 650 |
|
4 |
|a Társadalomtudományok
|
| 650 |
|
4 |
|a Oktatástudomány
|
| 650 |
|
4 |
|a Általános oktatás (benne képzés, pedagógia, didaktika)
|
| 700 |
0 |
1 |
|a Schaffhauser Franz
|
| 700 |
0 |
1 |
|a Baska Gabriella
|e aut
|
| 700 |
0 |
1 |
|a Schaffhauser Franz
|e aut
|
| 856 |
4 |
0 |
|u https://eta.bibl.u-szeged.hu/147/1/tortenelem_tarsadalom_neveles.pdf
|z Dokumentum-elérés
|